Statistiques concernant Préfectures et sous-préfectures de Nouvelle-Aquitaine

Cliquez ici pour prendre le quiz!

Statistiques générales

  • Ce quiz a été pris 125 fois
  • Le résultat moyen est 24 sur 41

Statistiques - réponses

DépartementVille% Correct
Charente-Maritime - PréfectureLa Rochelle
100%
Gironde - PréfectureBordeaux
97%
Charente - PréfectureAngoulême
92%
Dordogne - PréfecturePérigueux
92%
Vienne - PréfecturePoitiers
92%
Creuse - PréfectureGuéret
89%
Landes - PréfectureMont-de-Marsan
89%
Deux-Sèvres - PréfectureNiort
89%
Corrèze - PréfectureTulle
89%
Lot-et-Garonne - PréfectureAgen
87%
Pyrénées-Atlantiques - PréfecturePau
87%
Haute-Vienne - PoitiersLimoges
86%
Pyrénées-AtlantiquesBayonne
85%
LandesDax
78%
Charente-MaritimeSaintes
76%
GirondeArcachon
72%
CorrèzeBrive-la-Gaillarde
71%
DordogneBergerac
66%
Charente-MaritimeRochefort
66%
CharenteCognac
61%
GirondeLibourne
58%
DordogneSarlat-la-Canéda
54%
Pyrénées-AtlantiquesOloron-Sainte-Marie
44%
Lot-et-GaronneVilleneuve-sur-Lot
42%
Lot-et-GaronneMarmande
41%
Charente-MaritimeJonzac
39%
VienneChâtellerault
38%
Deux-SèvresParthenay
38%
CorrèzeUssel
38%
GirondeLangon
34%
GirondeBlaye
33%
CharenteConfolens
32%
Charente-MaritimeSaint-Jean-d'Angély
30%
CreuseAubusson
29%
Deux-SèvresBressuire
28%
GirondeLesparre-Médoc
25%
VienneMontmorillon
23%
Lot-et-GaronneNérac
23%
DordogneNontron
20%
Haute-VienneBellac
19%
Haute-VienneRochechouart
18%

Distribution des résultats

Percentile par nombre de réponses

% des personnes avec chaque résultat

Votre développement - résultats

Vous n’avez pas pris ce quiz